000 02007nam a22004332 4500
001 0000025464
005 20151217154547.0
008 150929s xx 000 0 eng d
020 _a9966031785 :
040 _aKABU
_cKABU
100 1 _aWeda, Ambrose Otieno.
_@0000186115
245 1 4 _aThe ideal lawyer :
_beducation, life skills, grooming, etiquette, ethics, challenges and discipline /
_cAmbrose Otieno Weda.
260 _aNairobi :
_bLaw Africa,
_c2014.
300 _axxxvii, 505 p.
650 0 _aLawyers.
_@0000037981
650 0 _aPractice of law.
_@0000160105
650 0 _aLegal ethics.
_@0000186116
852 1 _9p1600 KES
852 1 _9p1600 KES
852 1 _9p1600 KES
852 1 _9p1600 KES
852 1 _9p1600 KES
852 1 _9p1600 KES
852 1 _9p1600 KES
852 1 _9p1600 KES
852 1 _9p1600 KES
852 1 _9p1600 KES
852 1 _9p1600 KES
852 1 _9p1600 KES
852 1 _9p1600 KES
852 1 _9p1600 KES
852 1 _9p1600 KES
852 1 _9p1600 KES
852 1 _9p1600 KES
852 1 _9p1600 KES
852 1 _9p1600 KES
908 _a150929
950 _@1
999 _c11725
_d11725